|
|
|
|
| LEADER |
01461nam a2200385 a 4500 |
| 001 |
EBC3020689 |
| 003 |
MiAaPQ |
| 005 |
20200520144314.0 |
| 006 |
m o d | |
| 007 |
cr cn||||||||| |
| 008 |
090717s2009 nyud s 001 0 eng d |
| 010 |
|
|
|z 2009027044
|
| 020 |
|
|
|z 9781606923566 (hbk.)
|
| 020 |
|
|
|a 9781617285226 (electronic bk.)
|
| 035 |
|
|
|a (MiAaPQ)EBC3020689
|
| 035 |
|
|
|a (Au-PeEL)EBL3020689
|
| 035 |
|
|
|a (CaPaEBR)ebr10680827
|
| 035 |
|
|
|a (OCoLC)923664058
|
| 040 |
|
|
|a MiAaPQ
|c MiAaPQ
|d MiAaPQ
|
| 043 |
|
|
|a n-us---
|
| 050 |
|
4 |
|a HE355.3.E3
|b I54 2009
|
| 082 |
0 |
4 |
|a 388.10973
|2 22
|
| 245 |
0 |
0 |
|a Infrastructure
|h [electronic resource] :
|b rebuilding, repairing and restructuring /
|c Jason R. Baren, editor.
|
| 260 |
|
|
|a Hauppauge, N.Y. :
|b Nova Science Publishers,
|c c2009.
|
| 300 |
|
|
|a vi, 122 p. :
|b ill.
|
| 500 |
|
|
|a Includes index.
|
| 533 |
|
|
|a Electronic reproduction. Ann Arbor, MI : ProQuest, 2015. Available via World Wide Web. Access may be limited to ProQuest affiliated libraries.
|
| 650 |
|
0 |
|a Roads
|x Government policy
|z United States.
|
| 650 |
|
0 |
|a Roads
|z United States
|x Maintenance and repair
|x Finance.
|
| 650 |
|
0 |
|a Transportation engineering
|z United States.
|
| 650 |
|
0 |
|a Infrastructure (Economics)
|z United States.
|
| 655 |
|
4 |
|a Electronic books.
|
| 700 |
1 |
|
|a Baren, Jason R.
|
| 710 |
2 |
|
|a ProQuest (Firm)
|
| 856 |
4 |
0 |
|u https://ebookcentral.proquest.com/lib/matrademy/detail.action?docID=3020689
|z Click to View
|